Позиционирование ТПУ в международных и национальных рейтингах; Томский политехник; Вып. 18

Бібліографічні деталі
Parent link:Томский политехник: ежегодный журнал/ Томский политехнический университет (ТПУ), Ассоциация выпускников.— , 1995-
Вып. 18.— 2013.— [С. 30-39]
Автор: Могильницкий С. Б. Сергей Борисович
Співавтор: Национальный исследовательский Томский политехнический университет (ТПУ) Физико-технический институт (ФТИ) Кафедра общей физики (ОФ)
Резюме:Заглавие с титульного листа
Мова:Російська
Англійська
Опубліковано: 2013
Серія:ТПУ: от лучших практик в стране к лучшим университетам в мире
Предмети:
Онлайн доступ:http://www.lib.tpu.ru/fulltext/v/Tomsk_polytechnic/2013/003.pdf
Формат: MixedMaterials Електронний ресурс Частина з книги
KOHA link:https://koha.lib.tpu.ru/cgi-bin/koha/opac-detail.pl?biblionumber=311427

MARC

LEADER 00000nla2a2200000 4500
001 311427
005 20231101013233.0
035 |a (RuTPU)RU\TPU\book\336784 
035 |a RU\TPU\book\336780 
090 |a 311427 
100 |a 20151208d2013 km y0rusy50 ca 
101 0 |a rus  |a eng 
102 |a RU 
135 |a drnn ---uucaa 
181 0 |a i  
182 0 |a b 
200 1 |a Позиционирование ТПУ в международных и национальных рейтингах  |b Электронный ресурс  |d TPU positioning in global and national rankings  |f С. Б. Могильницкий 
203 |a Текст  |c электронный 
215 |a 1 файл (2, 2 Mb) 
225 1 |a ТПУ: от лучших практик в стране к лучшим университетам в мире 
230 |a Электронные текстовые данные (1 файл : 2, 2 Mb) 
300 |a Заглавие с титульного листа 
337 |a Adobe Reader 
461 1 |0 (RuTPU)RU\TPU\book\202435  |t Томский политехник  |o ежегодный журнал  |f Томский политехнический университет (ТПУ), Ассоциация выпускников  |d 1995- 
463 1 |0 (RuTPU)RU\TPU\book\326188  |t Вып. 18  |v [С. 30-39]  |d 2013 
510 1 |a TPU positioning in global and national rankings  |z eng 
610 1 |a труды учёных ТПУ 
610 1 |a электронный ресурс 
610 1 |a позиционирование 
610 1 |a ТПУ 
610 1 |a международные рейтинги 
610 1 |a вузы 
610 1 |a исследовательские проекты 
700 1 |a Могильницкий  |b С. Б.  |c физик  |c доцент Томского политехнического университета, кандидат физико-математических наук  |f 1951-  |g Сергей Борисович  |2 stltpush  |3 (RuTPU)RU\TPU\pers\25470 
712 0 2 |a Национальный исследовательский Томский политехнический университет (ТПУ)  |b Физико-технический институт (ФТИ)  |b Кафедра общей физики (ОФ)  |h 136  |2 stltpush  |3 (RuTPU)RU\TPU\col\18734 
801 1 |a RU  |b 63413507  |c 20101101 
801 2 |a RU  |b 63413507  |c 20151208  |g RCR 
856 4 |u http://www.lib.tpu.ru/fulltext/v/Tomsk_polytechnic/2013/003.pdf 
942 |c CF